<?xml version="1.0" encoding="UTF-8"?>
<record
    xmlns:xsi="http://www.w3.org/2001/XMLSchema-instance"
    xsi:schemaLocation="http://www.loc.gov/MARC21/slim http://www.loc.gov/standards/marcxml/schema/MARC21slim.xsd"
    xmlns="http://www.loc.gov/MARC21/slim">

  <leader>01572nam a2200193 ia4500</leader>
  <controlfield tag="003">OSt</controlfield>
  <controlfield tag="005">20250210132421.0</controlfield>
  <controlfield tag="008">250207b2024    dr a|||fs||||o001 0cspa d</controlfield>
  <datafield tag="040" ind1=" " ind2=" ">
    <subfield code="a">CGID0014</subfield>
    <subfield code="b">spa</subfield>
    <subfield code="c">CGID0014</subfield>
    <subfield code="e">rda</subfield>
  </datafield>
  <datafield tag="082" ind1="0" ind2="4">
    <subfield code="a">371.3 36/I59</subfield>
    <subfield code="2">21</subfield>
  </datafield>
  <datafield tag="245" ind1=" " ind2=" ">
    <subfield code="a">Rendimiento acad&#xE9;mico en la Jornada Escolar Extendida en la Rep&#xFA;blica Dominicana: </subfield>
    <subfield code="b">Un an&#xE1;lisis comparativo a partir de las Pruebas Nacionales</subfield>
  </datafield>
  <datafield tag="260" ind1=" " ind2=" ">
    <subfield code="a">Santo Domingo :</subfield>
    <subfield code="b">EDEICE</subfield>
    <subfield code="c">2024</subfield>
  </datafield>
  <datafield tag="300" ind1=" " ind2=" ">
    <subfield code="a">4p</subfield>
  </datafield>
  <datafield tag="505" ind1=" " ind2=" ">
    <subfield code="a">Las Pruebas Nacionales fueron introducidas en Rep&#xFA;blica Dominicana en la d&#xE9;cada de 1990 como parte de un esfuerzo para garantizar la calidad educativa (Ministerio de Educaci&#xF3;n de la Rep&#xFA;blica Dominicana [Minerd], 2020). En sus inicios, las pruebas se centraban en la medici&#xF3;n de conocimientos estandarizada, y tras m&#xFA;ltiples reformas, el sistema fue adoptando un enfoque m&#xE1;s basado en competencias (Minerd, 2011).
La Jornada Escolar Extendida (JEE), implementada desde 2011, busca mejorar el rendimiento acad&#xE9;mico mientras proporciona servicios de alimentaci&#xF3;n y atenci&#xF3;n a ni&#xF1;os y adolescentes de sectores vulnerables, cumpliendo con el mandato de equidad educativa estipulado en la Estrategia Nacional de Desarrollo 2030 (Consejo Econ&#xF3;mico y Social de la Rep&#xFA;blica Dominicana,</subfield>
  </datafield>
  <datafield tag="650" ind1=" " ind2=" ">
    <subfield code="a">Rendimiento acad&#xE9;mico, Rep&#xFA;blica Dominicana -- Planificaci&#xF3;n educativa  Evaluaci&#xF3;n educativa -- Rep&#xFA;blica Dominicana 2-Ministerio de Educaci&#xF3;n 3-  Pol&#xED;tica Educativa - Rep&#xFA;blica Dominicana  </subfield>
  </datafield>
  <datafield tag="700" ind1=" " ind2=" ">
    <subfield code="a">Santana-Soriano, Edwin</subfield>
  </datafield>
  <datafield tag="710" ind1=" " ind2=" ">
    <subfield code="a">IDEICE</subfield>
  </datafield>
  <datafield tag="942" ind1=" " ind2=" ">
    <subfield code="2">ddc</subfield>
    <subfield code="c">REV</subfield>
    <subfield code="n">0</subfield>
  </datafield>
  <datafield tag="999" ind1=" " ind2=" ">
    <subfield code="c">12489</subfield>
    <subfield code="d">12489</subfield>
  </datafield>
  <datafield tag="952" ind1=" " ind2=" ">
    <subfield code="0">0</subfield>
    <subfield code="1">0</subfield>
    <subfield code="2">ddc</subfield>
    <subfield code="4">0</subfield>
    <subfield code="7">0</subfield>
    <subfield code="a">RI</subfield>
    <subfield code="b">RI</subfield>
    <subfield code="d">2025-02-07</subfield>
    <subfield code="l">0</subfield>
    <subfield code="o">371.3 36/I59</subfield>
    <subfield code="r">2025-02-07 18:20:21</subfield>
    <subfield code="u">https://ideice.gob.do/documentacion/publicaciones-id-p1-210-rendimiento-academico-en-la-jornada-escolar-extendida-en-la-republica-dominicana-un-analisis-comparativo-a-partir-de-las-pruebas-nacionales</subfield>
    <subfield code="w">2025-02-07</subfield>
    <subfield code="y">REV</subfield>
  </datafield>
</record>
